00773cam a22002651 4500001000800000005001700008008004100025010001700066015001400083020001500097040001800112041000800130080001100138082001400149100000700163101000800170245006400178350000900242410004300251504002600294906004500320942001200365999001700377952011300394217588420180209072203.0701012s1968 enka b 000 0 eng  a 68021391  aB68-24587 a0521072611 aDLCcDLCdDLC aeng a651.8 00a651.8 COR1 a36 aMAT10aPractical programming,cby P. N. Corlett and J. D. Tinsley. a45/-20aSchool Mathematics Project.tHandbooks aBibliography: p. 201. a7bcbccorignewduencipf19gy-gencatlg 2ddccBK c42256d42256 00102udc40708PËKGa002b002cPËKGd2018-02-09l0o651.8 CORp002-2998724r2018-02-09w2018-02-09yBK